000 01070nam a22003257a 4500
005 20220817041316.0
008 971013s1914 r 00010 d
010 _a10959
011 _a11931
035 _a12555
090 _aFolleto 1515
100 0 0 _aMarsh, Dwight.
_971590
245 _aCicuta, or water hemlock
260 _aWashington :
_bDepartment of Agriculture,
_c1914
300 _a27 p.
_b: ilus.
490 _aEUA. Department of Agriculture Bull.
_v; 69
500 _a78-140
590 _aBATCH-UPD
_b10
_c20130109
_lUCH01
_h2317
590 _aBATCH-UPD
_b10
_c20130110
_lUCH01
_h1549
590 _aBATCH-UPD
_b10
_c20130410
_lUCH01
_h0948
590 _aBATCH-UPD
_b10
_c20130914
_lUCH01
_h1333
590 _aCONVERSION
_b10
_c20130109
_lUCH01
_h1307
650 1 4 _aPlantas venenosas para el ganado.
_989093
650 1 4 _aUmbelíferas.
_9116083
700 0 _aClawson, A. B.
_923732
700 0 _aMarsh, Hadleigh.
_971592
830 0 _aEUA. Department of Agriculture Bull.
_v; 69
901 _aBK
949 _aFolleto 1515
_bBC
_cFOLLBD
_d-24652
_eLIBRO
_i12555
_si
999 _c10959
_d10959